Score 0/100 Timer 10:00
6 Plays Today
% Correct
a
99%
Texas
96.2%
Barack Obama
95.8%
George W. Bush
95.8%
George H. W. Bush
95.8%
I
95.1%
to
95.1%
California
93.7%
Nike
93.5%
China
93.3%
Bill Clinton
93.1%
Shell
92.9%
Playboy
92.1%
be
91.1%
Eye
90.8%
Pepsi
90.8%
United States
89.9%
3
89.7%
Alaska
89.7%
7
89.6%
2
89.6%
5
89.5%
11
89.2%
13
89.1%
17
88.8%
19
88.5%
23
88.2%
Ear
87.2%
Arm
86.7%
in
86.6%
29
86.4%
Toyota
85.1%
India
84.9%
Leg
84.3%
% Correct
Toe
83.9%
Ronald Reagan
83.1%
Richard Nixon
80.8%
the
77%
Russia
76.9%
Montana
76.5%
AT&T
76.3%
Central African Republic
75.9%
Jimmy Carter
73.7%
John F. Kennedy
73.2%
Arizona
71.9%
New Mexico
71.7%
Japan
71.4%
Colorado
70.5%
Nevada
69.5%
and
69.2%
Gerald Ford
68.9%
Atari
68.5%
Brazil
64.6%
Wyoming
63.7%
Vatican City
63.4%
Lyndon Johnson
63.2%
Lip
61.2%
Chrysler
59.6%
Luxembourg
57.1%
Oregon
55.3%
Algeria
54.4%
Prudential Financial
54%
Monaco
49.3%
Adobe
48.2%
Vietnam
47.9%
Andorra
47.5%
Hip
45.8%
Indonesia
44.1%
% Correct
Thailand
44%
Liechtenstein
43%
Chad
42.3%
Angola
42.1%
San Marino
40.2%
Pakistan
39.4%
Botswana
35.3%
Rib
35.1%
Malta
35%
Uzbekistan
34.4%
Turkey
33.2%
Yemen
33.1%
Cyprus
31.4%
of
31%
Turkmenistan
31%
Jaw
30.5%
Cameroon
30.4%
Taiwan
29.7%
Tajikistan
27.3%
Gum
27.2%
Benin
26.4%
Kosovo
26.3%
Burundi
25.9%
Nigeria
25%
Bangladesh
24.5%
Montenegro
22.4%
Burkina Faso
22%
United Arab Emirates
20.2%
Cabo Verde
16.1%
Timor-Leste
13.6%
that
13.2%
have
12.2%
Remove Ads.
Support Sporcle.
Get the best of Sporcle when you Go Orange. This ad-free experience offers more features, more stats, and more fun while also helping to support Sporcle. Thank you for becoming a member.

You're not logged in!

Compare scores with friends on all Sporcle quizzes.
OR
Log In

Sporcle TV

Today on Sporcle TV


Watch our educational content, quiz creation guides, and fun videos on Sporcle TV.

Show Comments

Extras

Top Quizzes Today


Score Distribution

Paid Content

Your Account Isn't Verified!

In order to create a playlist on Sporcle, you need to verify the email address you used during registration. Go to your Sporcle Settings to finish the process.

Report this User

Report this user for behavior that violates our Community Guidelines.

Details: